Responses for show #3101 - Monday, February 9, 1998

1998 Tournament of Champions semifinal game 1.

Contestants

Claudia Perry, a pop music critic from Jersey City, New Jersey

Dan Melia, a professor from San Francisco, California

Fred Ramen, an assistant editor from New York City, New York

Jeopardy! Round responses

FLYBOYS
FAULKNER TITLES
IN FASHION
RAINY DAY FUN
TV FROM THE NEXT ROOM
STUPID ANSWERS
    $100 16
Charles Lindbergh

Claudia
    $100 1
Moses

Claudia
    $100 11
a kimono

Dan
    $100 21
50

Claudia
    $100 2
Fantasy Island

Fred
    $100 26
the breaststroke

Dan
    $200 17
Manfred Von Richthofen ("The Red Baron")

Fred
    $200 7
Dust

Dan
    $200 12
cheese

Dan
    $200 22
Singin' in the Rain

Claudia
    $200 3
All in the Family

Claudia
    $200 27
Fort Madison

Fred
    $300 18
Chuck Yeager

Claudia
    $300 8
Absalom

Fred
    $300 13
Dockers

Dan
    $300 23
a bottle

Dan
    $300 4
[Paul Reiser]

Mad About You

Triple Stumper
    $300 28
the Monitor

Dan
    $400 19
Richard Byrd

Dan
    $400 9
Dying

Fred
    $400 14
Beatle Boots

Claudia
    $1,200 24
(Alex: And our thanks to Chuck!)

Scrabble

Dan
    $400 5
Star Trek

Fred
    $400 29
The Merry Widow

Fred
    $500 20
Wiley Post

Dan
    $500 10
August

Dan
    $500 15
boiled

Dan
    $500 25
playing cards

Dan
    $500 6
(Claudia: What is Animaniacs?)

The Late Show with David Letterman

Claudia
Triple Stumper
    $500 30
Marshall Field

Fred

Scores at the first commercial break (after clue 15):

Fred Dan Claudia
$1,200 $1,800 $200

Scores at the end of the Jeopardy! Round:

Fred Dan Claudia
$2,500 $5,100 $900

Double Jeopardy! Round responses

CANCELED CZECHS
MEDIEVAL BESTSELLERS
COME TO YOUR CENSUS
BRIDGES
BILL & BILLY IN SONG
INTERNATIONAL "K"S
    $200 26
Brazil

Dan
    $200 7
Marco Polo

Dan
    $200 6
India

Dan
    $200 12
Niagara Falls

Fred
    $200 5
[Applause for Claudia's run of the category]

Sheryl Crow

Claudia
    $200 17
the Koran

Dan
    $400 27
Ivan Lendl

Claudia
    $400 8
Dante Aligheri

Dan
    $400 22
the 18th century (1790)

Dan
    $400 13
Tokyo Bay

Dan
    $800 1
["Wedding Bell Blues"]

The 5th Dimension

Claudia
    $400 18
kaiser

Dan
    $600 28
Vaclav Havel

Fred
    $600 9
Roland

Dan
    $2,300 23
(Alex: And you've been on cruise control for the last little while, Dan.)
...
(Dan: What is the Department of the Interior?)

the Department of Commerce

Dan
    $600 14
(Dan: What is Yugoslavia?)

Bosnia-Herzegovina

FredDan
    $600 2
"Billy, Don't Be A Hero"

Claudia
    $600 19
Knesset

Dan
    $800 29
Alexander Dubcek

Claudia
    $800 10
Sir Thomas Malory

Dan
    $800 24
the Domesday Book

Dan
    $800 15
the Williamsburg Bridge

Dan
    $800 3
"Da Doo Ron Ron"

Claudia
    $800 20
kismet

Dan
    $1000 30
the Sudetenland

Fred
    $1000 11
[Applause for Dan's run of the category]
(Alex: Well, each of you has managed to run a category. Next, it's Fred's turn!)

Piers Ploughman

Dan
    $1000 25
an enumerator

Dan
    $1000 16
(Claudia: What is the Ponte Vecchio?)

the Rialto

Claudia
Triple Stumper
    $1000 4
"One Tin Soldier"

Claudia
    $1000 21
kendo

Fred

Scores at the end of the Double Jeopardy! Round:

Fred Dan Claudia
$5,900 $11,000 $4,500

[wagering suggestions for these scores]

Final Jeopardy! Round responses

THE SMITHSONIAN
(Dan: That was a hell of a game, Claudia!)
ClaudiaWhat is the Hope Diamond?
$4,500
FredWhat is the end?
$4,500
DanWhat is the Hope Diamond?
$801
the Hope Diamond

Final scores:

Fred Dan Claudia
$1,400 $11,801 $9,000
3rd place: $5,000 Finalist 2nd place: $5,000

Game dynamics:

Coryat scores:

Fred Dan Claudia
$5,900 $12,500 $4,100
13 R,
0 W
29 R
(including 1 DD),
2 W
(including 1 DD)
14 R
(including 1 DD),
2 W

Combined Coryat: $22,500

The J! Archive is created by fans, for fans. The Jeopardy! game show and all elements thereof, including but not limited to copyright and trademark thereto, are the property of Jeopardy Productions, Inc. and are protected under law. This website is not affiliated with, sponsored by, or operated by Jeopardy Productions, Inc. Join the discussion at JBoard.tv.